Movies Quiz

Random Movies or Actor Quiz
Score 0/24 Timer 06:00
0 Plays Today
Character names Actor % Correct
Indiana SoloHarrison Ford
98.4%
Forrest LovellTom Hanks
96.2%
Edward SparrowJohnny Depp
94.1%
Jason HuntingMatt Damon
82.2%
Maximus NashRussell Crowe
76%
Hannibal NixonAnthony Hopkins
75.4%
Korben McClaneBruce Willis
72.1%
Aldo DurdenBrad Pitt
63.2%
Howard AbagnaleLeonardo DiCaprio
58.6%
Travis CaponeRobert De Niro
55.2%
Sonny MontanaAl Pacino
52.9%
Mace WinnfieldSamuel Jackson
52.6%
Character names Actor % Correct
Mohandas SternBen Kingsley
49.4%
Randle TorranceJack Nicholson
46.9%
Cassius HillerWill Smith
45.9%
Josey CallahanClint Eastwood
44%
Ethan KaffeeTom Cruise
37.1%
Wyatt PlisskenKurt Russell
36.2%
Donnie TwistJake Gyllenhaal
35.4%
Vincent ManeroJohn Travolta
34.1%
Raymond BraddockDustin Hoffman
29.6%
Gordon CurranMichael Douglas
27.1%
Alonzo GranthamDenzel Washington
24%
Nelson ColburnMorgan Freeman
17.3%
Remove Ads.
Support Sporcle.
Get the best of Sporcle when you Go Orange. This ad-free experience offers more features, more stats, and more fun while also helping to support Sporcle. Thank you for becoming a member.

You're not logged in!

Compare scores with friends on all Sporcle quizzes.
OR
Log In

Show Comments

Extras

Top Quizzes Today


Score Distribution

Your Account Isn't Verified!

In order to create a playlist on Sporcle, you need to verify the email address you used during registration. Go to your Sporcle Settings to finish the process.

Report this User

Report this user for behavior that violates our Community Guidelines.

Details: